000 00848nam a2200253 i 4500
001 bg
100 1 _aKOŻUCH, Antoni
245 1 0 _aEkonomika i organizacja przedsiębiorstwa /
_cAntoni Kożuch, Anna Dyhdalewicz.
260 _aBiałystok :
_bWydaw. Wyższej Szkoły Ekonomicznej,
_c2004.
300 _a280, [3] s. :
_btab., wykr. ;
_c24 cm.
504 _aBibliogr. s. 273-278, wykaz aktów normatywnych s. 279.
650 9 _aPrzedsiębiorstwo
_xekonomika
650 9 _aPrzedsiębiorstwo
_xorganizacja
655 _aPodręczniki akademickie
700 1 _aDYHDALEWICZ, Anna
020 _a8387981664
040 _cBPK
041 0 _apol
080 _a658.1/.5(075.8)
920 _a83-87981-66-4
942 _cKS
008 s pl f |000 0 pol
999 _c45409
_d45409
856 _uhttp://koha.tu.koszalin.pl/cgi-bin/koha/opac-detail.pl?biblionumber=45409
_yKatalog online BPK